00469 a2200109 4500001001000000005001700010008004100027245016900068100002800237773007700265999001700342ART_4786520260410162013.0260409a 10aLas autoridades de aplicación en las políticas de igualdad y no violencia respecto de las mujeres y niñas (y una visión balanceada de la estructura estatal)1 aCaputi, María Claudia0 tTemas de derecho administrativog- Año 3, N° 11 (nov. 2018)wREV40468 c32423d32423